000 00493nam a2200157 4500
008 020307s1977 us eng
090 _aG128
_bK83
100 1 _aKolevzon, Edward R.
245 1 0 _aOur world and its peoples /
_cEdward R. Kolevzon, John A. Heine.
260 _aBoston :
_bAllyn and Bacon,
_cc1977.
300 _a576 p. :
_bill.
650 4 _aCulture.
650 4 _aWorld geography.
700 1 _aHeine, John A.
951 _p8879
_x00007628
_oG128/K83
_j070613111052921
_d2000-12-21
_cOS
999 _c8010
_d8010